000
00316nam a2200121Ia 4500
008
190216s9999||||xx |||||||||||||| ||und||
100
_a
Gupta S C And Kapoor V K
245
0
_a
Fundamentals Of Mathematical Statistics
260
_b
Sulthan Chand&Sons
_c
1970
300
_a
1103p
650
_a
Mathematics
942
_c
BK
999
_c
37187
_d
37187